The total family / (Record no. 8989)
[ view plain ]
| 000 -LEADER | |
|---|---|
| fixed length control field | 00730cam a2200253 a 4500 |
| 001 - CONTROL NUMBER | |
| control field | 393983 |
| 003 - CONTROL NUMBER IDENTIFIER | |
| control field | GBCCL |
| 005 - DATE AND TIME OF LATEST TRANSACTION | |
| control field | 20241126110703.0 |
| 008 - FIXED-LENGTH DATA ELEMENTS--GENERAL INFORMATION | |
| fixed length control field | 810324s1980 ilu b 000 0 eng |
| 010 ## - | |
| -- | 79066818 |
| 020 ## - INTERNATIONAL STANDARD BOOK NUMBER | |
| International Standard Book Number | 0842372857 (pbk.) : |
| Terms of availability | $2.95 |
| 040 ## - CATALOGING SOURCE | |
| Original cataloging agency | DLC |
| Transcribing agency | DLC |
| Modifying agency | DLC |
| 050 00 - | |
| -- | BV4526.2 |
| -- | .H5 |
| 082 00 - DEWEY DECIMAL CLASSIFICATION NUMBER | |
| Classification number | 249 |
| Edition information | 19 |
| Item number | HIN |
| 100 1# - MAIN ENTRY--PERSONAL NAME | |
| Personal name | Hindson, Edward E. |
| 9 (RLIN) | 1732 |
| 245 14 - TITLE STATEMENT | |
| Title | The total family / |
| Statement of responsibility, etc. | Edward E. Hindson. |
| 260 ## - PUBLICATION, DISTRIBUTION, ETC. | |
| Place of publication, distribution, etc. | Wheaton, Ill. : |
| Name of publisher, distributor, etc. | Tyndale House, |
| Date of publication, distribution, etc. | c1980. |
| 300 ## - PHYSICAL DESCRIPTION | |
| Extent | 119 p. ; |
| Dimensions | 21 cm. |
| 504 ## - BIBLIOGRAPHY, ETC. NOTE | |
| Bibliography, etc. note | Bibliography: p. 117-119. |
| 505 ## - FORMATTED CONTENTS NOTE | |
| Formatted contents note | Missing pages till 22 |
| 650 #0 - SUBJECT ADDED ENTRY--TOPICAL TERM | |
| Topical term or geographic name entry element | Families |
| General subdivision | Religious life. |
| 9 (RLIN) | 1360 |
| 906 ## - LOCAL DATA ELEMENT F, LDF (RLIN) | |
| a | 7 |
| b | cbc |
| c | orignew |
| d | 2 |
| e | opcn |
| f | 19 |
| g | y-gencatlg |
| 942 ## - ADDED ENTRY ELEMENTS (KOHA) | |
| Source of classification or shelving scheme | Dewey Decimal Classification |
| Koha item type | Books |
| Koha issues (borrowed), all copies | 1 |
| Withdrawn status | Lost status | Source of classification or shelving scheme | Damaged status | Not for loan | Home library | Current Library | Shelving location | Date acquired | Total checkouts | Full call number | Barcode | Date last seen | Date last checked out | Copy number | Price effective from | Koha item type |
|---|---|---|---|---|---|---|---|---|---|---|---|---|---|---|---|---|
| Dewey Decimal Classification | GRACE BIBLE COLLEGE | GRACE BIBLE COLLEGE | Ministry & Mission | 2022-02-11 | 1 | 249 HIN | 005367 | 2025-05-01 | 2022-07-29 | c.1 | 2022-02-11 | Books |